000 00718ctm a22002175a 4500
001 L141066
008 071026s1777 xxk eng u
035 _a(Sirsi) u141066
041 0 _aeng
100 1 _aFessey, George
245 0 3 _aAn inventory of the effects of Joseph Knibb of Fenny-Compton in the county of Warwick (grazier) taken by George Fessey and Embery Payne both of the parish of Priors Hardwick in y said county July the 21st 1777
_h[manuscript]
260 _c1777
300 _a2 leaves
_c33 x 21 cm.
340 _aManuscript
351 _cSingle item
500 _aItem presented by E. G. Collier.
651 4 _aWarwickshire
690 _aPROPERTY
700 1 _aPayne, Embery
942 _n0
999 _c116566
_d116566